000 00771nam a22002177a 4500
003 UA-OsUOA
001 135873
007 ta
008 20190222b un ||||| |||| 00| 0 ukr d
090 _a316.346.2:396
_bС91
942 _cBK
040 _aUA-OsUOA
_bukr
_cUA-OsUOA
_dUA-OsUOA
245 _aСучасне розуміння маскулінності
_bставлення чоловіків до гендерних стереотипів і насильства щодо жінок в Україні
300 _a130 с.
955 _a1
041 _aukr
080 _a316.346.2:396
260 _aК.
_bUNFPA
_c2018
650 7 _a316.3 Соціальна структура. Суспільство як соціальна система
_2UDC
999 _c416953
_d416953